| 000 | 01090cad a22002295a 4500 | ||
|---|---|---|---|
| 001 | E149022 | ||
| 008 | 091215s2009 xxkd f s 000 0 eng d | ||
| 035 | _a(Sirsi) u149022 | ||
| 041 | 0 | _aeng | |
| 050 | 0 | 4 | _a333.337 $2 18 |
| 110 | 2 |
_aSavills Project Consultancy _95857 |
|
| 245 | 0 | 0 |
_aCommercial development activity _bNovember 2009 _h[electronic resource] |
| 260 |
_aLondon _bSavills _c2009 |
||
| 490 | 0 |
_aSavills UK Commercial Development Activity _vNovember 2009 |
|
| 520 | _aReports that October saw the third consecutive monthly increase in commercial development activity. 26% of firms reported an increase in activity, with less that 12% reporting a fall. The Total Commercial Development Activity Index stood at +14.3% in October. | ||
| 590 | _aKA | ||
| 650 | 2 | 4 | _aSAVILLS UK COMMERCIAL DEVELOPMENT ACTIVITY PMI |
| 651 | 4 |
_aUnited Kingdom _y |
|
| 690 | _aPROPERTY-COMMERCIAL PROPERTY-COMMERCIAL PROPERTY MARKET | ||
| 856 | 4 | 0 |
_uhttps://www.savills.com/research-archive/commercialdevelopmentactivity-nov09.pdf _zView this report free of charge at www.savills.com |
| 942 | _n0 | ||
| 999 |
_c110341 _d110341 |
||